| 000 | 00400nam a2200169Ia 4500 | ||
|---|---|---|---|
| 008 | 230524s9999 xx 000 0 und d | ||
| 082 |
_a515 _bNAR |
||
| 100 | _aShanti Narayan | ||
| 245 | 2 | _aA Text Book of Vector Calculus | |
| 250 | _a1ST | ||
| 260 |
_aNEW DELHI _bS.Chand _c2003 |
||
| 300 | _aXII;356 | ||
| 500 | _aQuantity Number: 5 | ||
| 650 | _aMathematics | ||
| 700 | _aMittal | ||
| 942 | _cBK | ||
| 999 |
_c1452 _d1452 |
||